Suurimmat kaupungit kielittäin - Statistics

Yleistilastot
  • Tätä visaa on pelattu 586 kertaa
  • Keskiarvotulos 16 / 24
Vastaustilastot
Kieli Väkiluku Kaupunki % Oikein
Ranska 15,0 milj. / 11,4 milj. Kinshasa / Pariisi
94%
Englanti 23,1 milj. New York
94%
Japani 40,8 milj. Tokio
94%
Venäjä 18,8 milj. Moskova
92%
Korea 24,9 milj. Soul
91%
Mandariinikiina 20,9 milj. Peking
86%
Turkki 16,1 milj. Istanbul
85%
Hindi 33,4 milj. Delhi
80%
Espanja 24,9 milj. México
79%
Wu-kiina 40,0 milj. Shanghai
75%
Italia 6,10 milj. Milano
72%
Portugali 23,0 milj. São Paulo
67%
Persia 16,2 milj. Teheran
65%
Arabia 22,2 milj. Kairo
63%
Vietnam 13,5 milj. Ho Chi Minh
58%
Tagalog 26,7 milj. Manila
57%
Marathi 26,6 milj. Mumbai
56%
Serbokroaatti 1,44 milj. Belgrad
55%
Heprea 2,93 milj. Tel Aviv
52%
Kantoninkiina 67,8 milj. Kanton
51%
Bengali 21,3 milj. Dhaka
46%
Joruba 21,4 milj. Lagos
34%
Tamili 12,2 milj. Chennai
24%
Gudžarati 9,30 milj. Ahmedabad
21%
Ehtoja vastaavia visoja ei löytynyt
Tulosjakauma
Jokaisen tuloksen saaneiden osuus
Persentiili vastausten määrän mukaan
Tuloshistoriasi
Et ole pelannut tätä visaa